| 000 | 00899cam5a220028900 4500 | ||
|---|---|---|---|
| 001 | mtr01997909 | ||
| 005 | 20190822123036.0 | ||
| 008 | 860724s1987 nyua b 001 0 eng | ||
| 010 | _a 86019007 | ||
| 020 | _a0471843644 | ||
| 035 | _a(Sirsi) r95882 | ||
| 035 | _a(UPRA)mtr01997909 | ||
| 040 | _dUPRA | ||
| 050 | 0 |
_aTK5102.5 _b.M68 1987 |
|
| 082 | 0 |
_a621.38/043 _219 |
|
| 100 | 1 |
_aMortensen, Richard E. _6A54551.1 |
|
| 245 | 1 | 0 |
_aRandom signals and systems / _cRichard E. Mortensen. |
| 260 |
_aNew York : _bWiley, _cc1987. |
||
| 500 | _a"A Wiley-Interscience publication." | ||
| 500 | _aIncludes index. | ||
| 504 | _aBibliography: p. 227-228. | ||
| 650 | 0 |
_aSignal theory (Telecommunication) _6S14200.1 |
|
| 650 | 0 |
_aStochastic processes. _6S3002.1 |
|
| 650 | 0 |
_aRandom variables. _6S42381.1 |
|
| 949 |
_aTK5102.5 _wlcc _i33729000296231 _mMAIN _p2500 _tBOOK _lON-SHELF |
||
| 004 | 95882 | ||
| 999 |
_c135872 _d135872 |
||